• 首页
  • 本馆介绍
  • 公告通知
  • 最新文献
  • 馆藏检索
  • 电子资源
  • 读者导购
  • 参考咨询
  • 我的图书馆
  • 登录
  • 详细信息显示
  • 放入我的书架
  • 预约/预借图书
  • 作者相关作品
  • 分类相关作品
  • 丛书相关作品
  • 出版社相关作品

书目信息

  • 表格格式
  • 工作单格式
  • 卡片格式
题名:
青少年修养
    
 
作者: 吴铎 编
分册: 上册  
出版信息: 北京   人民教育出版社  1981
页数: 70页
开本: 19cm
丛书名:
单 册:
中图分类: G634.25 , G633.2
科图分类:
主题词: 青少年-修养--中学--教材 , 修养-青少年--中学--教材
电子资源:
ISBN: 7-107-00519-7
000 00736nam0 2200277 45
001 0181009044
005 20040427152252.5
010    @a7-107-00519-7@dCNY0.22
091    @aK7012.0278
100    @a19950613d1981 demy0chiy0121 ea
101 0  @achi
102    @aCN@b110000
105    @ay z 000yy
106    @ar
200 10 @a青少年修养@Aqing shao nian xiu yang@e试用本@h上册@f吴铎编
205    @a3版
210    @a北京@c人民教育出版社@d1981
215    @a70页@d19cm
606    @a青少年-修养@x中学@x教材
606    @a修养-青少年@x中学@x教材
690    @aG634.25@v3
690    @aG633.2
701  0 @a吴铎@Awu duo@4编
801  0 @aCN@b上海图书馆@c20040427
801  2 @aCN@bNLC@c20040427
905    @f1@b210961@dG633.2@e37:1=3
    
    青少年修养:试用本.上册/吴铎编.-3版.-北京:人民教育出版社,1981
    70页;19cm
    
    
    ISBN 7-107-00519-7:CNY0.22
    
●
相关链接 在E读中查询图书 在五车中查询图书 在当当中查询图书 在豆瓣中查询图书


正题名:青少年修养     索取号:G633.2/37:1=3         预约/预借

序号 登录号 条形码 馆藏地/架位号 状态 备注
1 0210961   000472991   密集书库/ [索取号:G633.2/37:1=3] 在馆    
2 0210962   000472955   第一样本阅览室/ [索取号:G633.2/37:1=3] 在馆    
唐山师范学院图书馆 欢迎您!
大连网信软件有限公司© 版权所有